| Поле | Название | Значение |
| |
Тип записи |
a |
| |
Библиографический уровень |
m |
| 001 |
Контрольный номер |
UONB/MAIN/d2f94c476f9446e7aaf782742ca7cf02 |
| 005 |
Дата корректировки |
20260428182048.4 |
| 010 |
Индекс ISBN |
__ |
| d |
Цена |
5 р. 30 к. |
| b |
Уточнения |
в пер. |
| 9 |
Тираж |
2050 экз. |
| 100 |
Данные общей обработки |
__ |
| a |
Данные общей обработки |
20260428d1987 u y0rusy018902 ca |
| 101 |
Язык документа |
1_ |
| a |
Язык текста |
rus |
| c |
Язык оригинала |
eng |
| 102 |
Страна публикации |
__ |
| a |
Страна публикации |
RU |
| 105 |
Кодированные данные (монография) |
__ |
| a |
Кодированные данные (монография) |
a z 001yy |
| 200 |
Заглавие и сведения об ответственности |
1_ |
| a |
Заглавие |
Управление эвтектическим затвердеванием |
| f |
Первые сведения об ответственности |
Р. П. Эллиот |
| g |
Последующие сведения об ответственности |
перевод с английского Б. Б. Страумала |
| g |
Последующие сведения об ответственности |
под редакцией Л. С. Швиндлермана |
| 203 |
Вид содержания и тип средства |
__ |
| a |
Вид содержания |
Текст |
| b |
Характеристика содержания |
визуальный |
| c |
Тип средства |
непосредственный |
| 210 |
Выходные данные |
1_ |
| a |
Место издания |
Москва |
| c |
Издательство |
Металлургия |
| d |
Дата издания |
1987 |
| 215 |
Физическое описание |
__ |
| a |
Объем |
350, [1] с. |
| c |
Иллюстрации/тип воспроизводства |
ил. |
| d |
Формат |
23 см |
| 300 |
Общие примечания |
__ |
| a |
Общие примечания |
Перевод изд.: Eutectic solidification processing / Roy Elliott (London etc.) |
| 320 |
Библиография |
__ |
| a |
Библиография |
Библиогр.: с. 330-348 |
| 320 |
Библиография |
__ |
| a |
Библиография |
Предм. указ.: с. 349-351 |
| 606 |
Тематические рубрики |
0_ |
| a |
Основная рубрика |
Сплавы эвтектические |
| x |
Основная подрубрика |
Затвердевание |
| 610 |
Ключевые слова |
0_ |
| a |
Ключевые слова |
сплавы эвтектические; затвердевание |
| 675 |
Индекс УДК |
__ |
| a |
Индекс УДК |
6П3.4-013 |
| 700 |
Автор |
_1 |
| a |
Фамилия |
Эллиот |
| b |
Имя (инициалы) |
Р. П. |
| g |
Полное личное имя |
Рой П. |
| 702 |
Вторичная интеллектуальная ответственность |
_1 |
| a |
Фамилия |
Страумал |
| b |
Имя (инициалы) |
Б. Б. |
| 4 |
Код отношения |
730 |
| 702 |
Вторичная интеллектуальная ответственность |
_1 |
| a |
Фамилия |
Швиндлерман |
| b |
Имя (инициалы) |
Л. С. |
| 4 |
Код отношения |
340 |
| 801 |
Источник записи |
_0 |
| a |
Страна |
RU |
| b |
Организация |
Ульяновская ОНБ |
| c |
Дата составления |
20260428 |
| g |
Правила каталогизации |
RCR |
| 801 |
Источник записи |
_1 |
| a |
Страна |
RU |
| b |
Организация |
Ульяновская ОНБ |
| c |
Дата составления |
20260428 |
| g |
Правила каталогизации |
RCR |
| 901 |
Тип документа |
__ |
| t |
Тип документа |
m |
| 909 |
Создатель записи |
__ |
| a |
Создатель записи |
Мартьянова |
| b |
Дата создания записи |
20260428 |